000 01030nas a2200349 4500
001 BR0703281
003 BR-BrBNA
005 20231205110843.0
007 ta
008 230509b bl.|||p| |||| 00| 00por d
040 _aBR-BrBNA
_bpor
_cBiblioteca Nacional de Agricultura
041 _a(Pt)
072 _aQ52; Q54
100 1 _aBernardes, T.F.
100 1 _aReis, R.A.
100 1 _aSiqueira, G.R.
100 1 _aBerchielli, T.T.
100 1 _aCoan, R.M.
245 1 _aAvaliação da queima e da adição de milho desintegrado com palha e sabugo na ensilagem de cana-de-açúcar
650 _aMILHO
650 _aPALHA
650 _aSABUGO
650 _aCANA DE AÇÚCAR
650 _aENSILAGEM
650 _aFERMENTAÇÃO
650 _aANÁLISE QUÍMICA
650 _aCOMPOSIÇÃO QUÍMICA
650 _aETANOL
773 0 _tRevista Brasileira de Zootecnia (Brazil)
_xISSN 1516-3598
_g(Mar-Apr 2007), v. 36(2) p. 269-275
_wBR0703281
909 _a202311
_bLúcia
_c55
_dLúcia Elande
942 _2AGRIS
_n0
_cANA
999 _c189431
_d189431